Family Guy Trivia - Statistics

General Stats
  • This quiz has been taken 137,479 times
    104,045 since last reset
  • The average score is 13 of 18
Answer Stats
Hint Answer % Correct
Bar that Peter goes to The Drunken Clam
91%
Quagmire's catch-phrase Giggity
89%
Quagmire's profession Pilot
86%
City where it takes place Quahog
86%
What lives in Chris's closet An evil monkey
81%
Actor who was the town's mayor, originally Adam West
77%
State where the show takes place Rhode Island
77%
Name of Stewie's teddy bear Rupert
76%
Mort Goldman owns this type of business Pharmacy
75%
Thing that's unusual about Jake Tucker's face It's upside down
74%
Joe's wife Bonnie
70%
Animal that some high school students lick to get high Toad
69%
Person who created the show Seth MacFarlane
67%
Model of car that Brian drives Toyota Prius
65%
Actor who the high school was originally named for James Woods
56%
Cleveland's first wife Loretta
55%
Brand of beer that Peter drinks Pawtucket Patriot
53%
Peter's original boss at the toy factory Mr. Weed
29%
No matching quizzes found
Score Distribution
Percent of People with Each Score
Percentile by Number Answered
Your Score History
You have not taken this quiz since the last reset